Countries Closest to São Tomé and Príncipe - Sudden Death - Statistics

General Stats
  • This quiz has been taken 13 times
  • The average score is 8 of 15
Answers on the Grid
Answers color-coded by a green-red scale on the quiz's grid according to % correct below.
Equatorial Guinea
Gabon
Cameroon
Nigeria
Republic of the Congo
Benin
Togo
Angola
Ghana
Democratic Republic of the Congo
Ivory Coast
Central African Republic
Burkina Faso
Chad
Niger
Liberia
Guinea
Mali
Mauritania
Sudan
South Sudan
Uganda
Rwanda
Burundi
Zambia
Tanzania
Botswana
Zimbabwe
South Africa
Namibia
 
Answer Stats
Answer % Correct
Gabon
85%
Benin
77%
Cameroon
77%
Angola
69%
Equatorial Guinea
69%
Nigeria
69%
Ghana
62%
Togo
62%
Ivory Coast
54%
Central African Republic
46%
Republic of the Congo
46%
Democratic Republic of the Congo
38%
Niger
38%
Burkina Faso
31%
Chad
8%
No matching quizzes found
Score Distribution
Percent of People with Each Score
Percentile by Number Answered
Your Score History
You have not taken this quiz